Statistiques concernant Lyrics - Kool Kids - Måneskin

Cliquez ici pour prendre le quiz!

Statistiques générales

  • Ce quiz a été pris 37 fois
  • Le résultat moyen est 243 sur 319

Statistiques - réponses

Réponse% Correct
a
100%
(I
100%
I
100%
kid
100%
kids)
96%
Kids
96%
kids
96%
(kool
96%
kool
96%
Kool
96%
the
96%
do
92%
not
92%
not)
92%
fuck
88%
rock
88%
(they
88%
They
88%
they
88%
and
84%
And
84%
don't
84%
give
84%
me
84%
that
84%
to
84%
us
84%
at
80%
cause
80%
Cause
80%
drugs
80%
I'm
80%
(I'm
80%
in
80%
of
80%
use
80%
We
80%
we
80%
are
76%
but
76%
But
76%
know
76%
yeah
76%
You
76%
(you
76%
you
76%
front
72%
is
72%
it
72%
least
72%
love
72%
she
72%
shit
72%
addicted
68%
hot
68%
it's
68%
my
68%
Or
68%
she's
68%
sorry
68%
sorry)
68%
think
68%
Vic
68%
chick
64%
like
64%
listen
64%
make
64%
Only
64%
only
64%
prefers
64%
rock'n'roll
64%
vomit
64%
cool
60%
countryside
60%
for
60%
Honestly
60%
just
60%
Marry
60%
strong
60%
up
60%
about
56%
as
56%
(bitch)
56%
bitch
56%
chicks
56%
floss
56%
fucking
56%
have
56%
pig)
56%
pop
56%
weed
56%
drink
52%
Eat
52%
makes
52%
what?)
52%
(What?)
52%
(what?)
52%
What?)
52%
all
48%
being
48%
music
48%
they're
48%
this
48%
trap
48%
We're
48%
we're
48%
fun
44%
fun)
44%
keep
44%
lyrics
44%
much
44%
real
44%
things
44%
asking
40%
doing
40%
made
40%
months
40%
punk
40%
Spent
40%
two
40%
UK
40%
Bieber)
36%
Check
36%
drinks
36%
freaks
36%
gin
36%
good
36%
good)
36%
(Justin
36%
laugh
36%
origins
36%
scum
36%
them)
36%
Beers
32%
everybody
32%
knows
32%
mate
32%
talk
32%
toast
32%
better
28%
Bleah
28%
Well
24%

Distribution des résultats

Percentile par nombre de réponses

% des personnes avec chaque résultat

Votre développement - résultats

Vous n’avez pas pris ce quiz